000 00632nam a2200229 i 4500
001 C2-0145161
003 PPAK
005 20180727130608.0
008 980302s1977 enka|||| ||||| | eng d
020 _a0851532543
040 _aPPAK
_beng
_cPPAK
_erda
082 0 4 _a629.13334
_223
090 0 0 _a629.13334
_bDUV
_dR
100 1 _aDuval, G.R.,
_eauthor
245 1 0 _aWorld float planes a pictorial survey
264 1 _aEngland :
_bA Bradford Barton ,
_c1977
300 _a96 pages :
_billustrations ;
_c22 cm
336 _2rdacontent
_atext
337 _2rdamedia
_aunmediated
338 _2rdacarrier
_avolume
942 _ddc
_cB
999 _c45795
_d45795